000 00415nam a22001697a 4500
005 20180811123459.0
008 160616b xxu||||| |||| 00| 0 eng d
020 _a81-7929-076-X
041 _aeng
082 _b8010
100 _aAlder, Harry
_91145
245 _aThe Ultimate Strategics for personal achievement
260 _bInfinity Book
_c2004
300 _a178p,
650 _aManagement
_9241
942 _cBK
999 _c2979
_d2978